000 00759nam a2200229 a 4500
001 000040237
005 20201002034013.0
008 130819s1972 ag 000 0 spa d
040 _aDO-SdBNP
_bspa
_cBNPHU
240 0 0 _aRecherches Sémiologiques
_lEspañol
245 0 3 _aLa semiología /
_cRoland Barthes... [et. al.] ; traductor Silvia Delpy.
250 _a2a ed.
260 _aBuenos Aires :
_bTiempo Contemporáneo,
_c1972.
300 _a199 p. ;
_c23 cm.
500 _aIncluye notas al pie de las páginas
500 _aTraducido del idioma francés
504 _aBibliografía : p. 187-196
700 1 _aBremond, Claude
_928185
700 1 _aTodorov, Tzvetan
_966500
700 1 _aMetz, Christian
_966501
700 1 _aDelpy, Silvia,
_etrad.
_966502
999 _c39727
_d39727